[Event "Reykjavik op"]
[Site "Reykjavik"]
[Date "2024.03.19"]
[Round "7"]
[White "Ozbas, Burak"]
[Black "Briem, Benedikt"]
[Result "0-1"]
[WhiteElo "1876"]
[BlackElo "2102"]
[PlyCount "76"]
[EventDate "2024.03.15"]
[EventType "swiss"]
[EventRounds "9"]
[EventCountry "ISL"]
[SourceTitle "CB13_2024"]
[SourceDate "2024.03.27"]
[SourceVersion "1"]
[SourceVersionDate "2024.03.27"]
[SourceQuality "1"]

1. e4 c5 2. Nf3 Nc6 3. d4 cxd4 4. Nxd4 Nf6 5. Nc3 h5 6. h3 e5 7. Ndb5 d6 8. Nd5 Nxd5 9. exd5 Nb8 10. c4 a6 11. Nc3 Bf5 12. Bd3 Bxd3 13. Qxd3 Be7 14. 0-0 Nd7 15. Be3 Rc8 16. b3 Bg5 17. Ne4 Be7 18. Nc3 Qc7 19. Rac1 g6 20. Qd2 f5 21. Bg5 Bxg5 22. Qxg5 Kf7 23. g4 hxg4 24. hxg4 Nf6 25. f3 Qc5+ 26. Kg2 Rh7 27. Ne4 Nxe4 28. fxe4 Rch8 29. Rh1 Qd4 30. Rxh7+ Rxh7 31. exf5 Qb2+ 32. Kg1 Qh2+ 33. Kf1 Qh1+ 34. Ke2 Qg2+ 35. Kd3 Rh3+ 36. Qe3 e4+ 37. Kd4 Qb2+ 38. Qc3 Rd3+ 0-1

[Event "Reykjavik op"]
[Site "Reykjavik"]
[Date "2024.03.16"]
[Round "2"]
[White "Ozbas, Burak"]
[Black "Pollitt, Henry"]
[Result "0-1"]
[WhiteElo "1876"]
[BlackElo "1674"]
[PlyCount "86"]
[EventDate "2024.03.15"]
[EventType "swiss"]
[EventRounds "9"]
[EventCountry "ISL"]
[SourceTitle "CB13_2024"]
[SourceDate "2024.03.27"]
[SourceVersion "1"]
[SourceVersionDate "2024.03.27"]
[SourceQuality "1"]

1. e4 e6 2. d4 d5 3. exd5 exd5 4. Nf3 Nf6 5. c4 dxc4 6. Bxc4 Bd6 7. Qe2+ Qe7 8. Qxe7+ Bxe7 9. Bf4 c6 10. Nc3 Bb4 11. 0-0 0-0 12. Rac1 Nbd7 13. a3 Bxc3 14. bxc3 Nb6 15. Bb3 Bg4 16. Ne5 Nfd5 17. Bd2 Bf5 18. h3 f6 19. Ng4 Bd3 20. Rfe1 Rfe8 21. Ne3 Kh8 22. Nxd5 cxd5 23. Rxe8+ Rxe8 24. Re1 Rxe1+ 25. Bxe1 Nc4 26. g4 Kg8 27. Kg2 Kf7 28. a4 Ke6 29. f4 Ne3+ 30. Kf3 Bc2 31. f5+ Kd7 32. Ba2 Nc4 33. a5 Be4+ 34. Kf4 Nxa5 35. c4 b6 36. cxd5 Bd3 37. Bxa5 bxa5 38. h4 a4 39. g5 Bc2 40. h5 h6 41. gxh6 gxh6 42. Ke3 Bb3 43. Bb1 a3 0-1

[Event "Reykjavik op"]
[Site "Reykjavik"]
[Date "2024.03.15"]
[Round "1"]
[White "Gulbinski, Michal"]
[Black "Ozbas, Burak"]
[Result "1/2-1/2"]
[WhiteElo "1671"]
[BlackElo "1876"]
[PlyCount "109"]
[EventDate "2024.03.15"]
[EventType "swiss"]
[EventRounds "9"]
[EventCountry "ISL"]
[SourceTitle "CB13_2024"]
[SourceDate "2024.03.27"]
[SourceVersion "1"]
[SourceVersionDate "2024.03.27"]
[SourceQuality "1"]

1. d4 Nf6 2. Nf3 d5 3. Bf4 e6 4. e3 Bd6 5. Bg3 0-0 6. Bd3 b6 7. c3 c5 8. Nbd2 Bb7 9. Ne5 Nc6 10. f4 Ne7 11. Bh4 Ne4 12. g4 f6 13. Nef3 Qc7 14. Qe2 c4 15. Bc2 b5 16. Nxe4 dxe4 17. Nd2 f5 18. Bxe7 Qxe7 19. h4 Bxf4 20. exf4 e3 21. Ne4 Bxe4 22. Bxe4 fxe4 23. Qxe3 Qf6 24. Qxe4 Rad8 25. 0-0-0 Qxf4+ 26. Qxf4 Rxf4 27. Rhg1 Rf2 28. Rde1 Rdf8 29. Rxe6 Rh2 30. Rge1 h6 31. g5 hxg5 32. hxg5 Rff2 33. g6 Rc2+ 34. Kb1 Rxb2+ 35. Ka1 Rxa2+ 36. Kb1 Rab2+ 37. Kc1 Rbc2+ 38. Kb1 Rcf2 39. Re8+ Rf8 40. Rxf8+ Kxf8 41. Rf1+ Kg8 42. Re1 Rf2 43. Re8+ Rf8 44. Re7 Ra8 45. Rb7 a6 46. Kb2 Kf8 47. Rf7+ Kg8 48. Rb7 Kf8 49. Ka3 Re8 50. Rf7+ Kg8 51. Ra7 Kf8 52. Kb4 Re6 53. Kc5 Rxg6 54. d5 Rg3 55. d6 1/2-1/2